<?xml version="1.0" encoding="UTF-8"?>
<record
    xmlns:xsi="http://www.w3.org/2001/XMLSchema-instance"
    xsi:schemaLocation="http://www.loc.gov/MARC21/slim http://www.loc.gov/standards/marcxml/schema/MARC21slim.xsd"
    xmlns="http://www.loc.gov/MARC21/slim">

  <leader>00831nam a22001337a 4500</leader>
  <datafield tag="040" ind1=" " ind2=" ">
    <subfield code="c">RUA</subfield>
  </datafield>
  <datafield tag="082" ind1=" " ind2=" ">
    <subfield code="a">AVM BOU 2011 B113 Or.1</subfield>
  </datafield>
  <datafield tag="100" ind1=" " ind2=" ">
    <subfield code="a">BOU, SAMNIENG.</subfield>
  </datafield>
  <datafield tag="245" ind1=" " ind2=" ">
    <subfield code="a">Comparison between supplementation of vitamin B-COMPLEX and vitamin C in CP HI-GRO feed on growth rate of CP-AVIAN broiler at royal university of agriculture, &#x1794;&#x17D2;&#x179A;&#x17C0;&#x1792;&#x17C0;&#x1794;&#x1780;&#x17B6;&#x179A;&#x179B;&#x17BC;&#x178F;&#x179B;&#x17B6;&#x179F;&#x17CB;&#x179A;&#x1794;&#x179F;&#x17CB;&#x1798;&#x17B6;&#x1793;&#x17CB;&#x179F;&#x17B6;&#x1785;&#x17CB;&#x1796;&#x17BC;&#x1787; CP AVIAN &#x178A;&#x17C4;&#x1799;&#x1794;&#x17D2;&#x179A;&#x17BE;&#x179C;&#x17B8;&#x178F;&#x17B6;&#x1798;&#x17B8;&#x1793; B-COMPLEX &#x1793;&#x17B7;&#x1784;&#x179C;&#x17B8;&#x178F;&#x17B6;&#x1798;&#x17B8;&#x1793; C &#x1780;&#x17D2;&#x1793;&#x17BB;&#x1784;&#x1785;&#x17C6;&#x178E;&#x17B8; CP HI-GRO &#x1793;&#x17C5;&#x179F;&#x17B6;&#x1780;&#x179B;&#x179C;&#x17B7;&#x1791;&#x17D2;&#x1799;&#x17B6;&#x179B;&#x17D0;&#x1799;&#x1797;&#x17BC;&#x1798;&#x17B7;&#x1793;&#x17D2;&#x1791;&#x1780;&#x179F;&#x17B7;&#x1780;&#x1798;&#x17D2;&#x1798;</subfield>
  </datafield>
  <datafield tag="260" ind1=" " ind2=" ">
    <subfield code="a">Phnom Penh</subfield>
    <subfield code="b">RUA</subfield>
    <subfield code="c">2011</subfield>
  </datafield>
  <datafield tag="300" ind1=" " ind2=" ">
    <subfield code="a">ix; 46p.</subfield>
    <subfield code="b">ill.</subfield>
    <subfield code="c">29cm.</subfield>
  </datafield>
  <datafield tag="856" ind1=" " ind2=" ">
    <subfield code="u">https://drive.google.com/file/d/1BsDEDX8AeyD6WdR5c6zpfNny34CDJvl_/view?usp=sharing</subfield>
  </datafield>
  <datafield tag="942" ind1=" " ind2=" ">
    <subfield code="c">AVM</subfield>
  </datafield>
  <datafield tag="999" ind1=" " ind2=" ">
    <subfield code="c">2766</subfield>
    <subfield code="d">2766</subfield>
  </datafield>
  <datafield tag="952" ind1=" " ind2=" ">
    <subfield code="0">0</subfield>
    <subfield code="1">0</subfield>
    <subfield code="2">ddc</subfield>
    <subfield code="4">0</subfield>
    <subfield code="6">VTF_BOU_2011_000000000000000_B113_OR_1</subfield>
    <subfield code="7">0</subfield>
    <subfield code="9">13248</subfield>
    <subfield code="a">LBB</subfield>
    <subfield code="b">LBB</subfield>
    <subfield code="c">B113</subfield>
    <subfield code="d">2015-10-27</subfield>
    <subfield code="l">1</subfield>
    <subfield code="o">VTF BOU 2011 B113 Or.1</subfield>
    <subfield code="p">RUA025296</subfield>
    <subfield code="r">2017-07-31</subfield>
    <subfield code="s">2017-01-25</subfield>
    <subfield code="w">2015-10-27</subfield>
    <subfield code="y">AVM</subfield>
  </datafield>
  <datafield tag="952" ind1=" " ind2=" ">
    <subfield code="0">0</subfield>
    <subfield code="1">0</subfield>
    <subfield code="2">ddc</subfield>
    <subfield code="4">0</subfield>
    <subfield code="6">VTF_BOU_2011_000000000000000_B113_OR_2</subfield>
    <subfield code="7">0</subfield>
    <subfield code="9">13249</subfield>
    <subfield code="a">LBB</subfield>
    <subfield code="b">LBB</subfield>
    <subfield code="c">B113</subfield>
    <subfield code="d">2015-10-27</subfield>
    <subfield code="l">1</subfield>
    <subfield code="o">VTF BOU 2011 B113 Or.2</subfield>
    <subfield code="p">RUA015900</subfield>
    <subfield code="r">2020-05-27</subfield>
    <subfield code="s">2020-01-15</subfield>
    <subfield code="w">2015-10-27</subfield>
    <subfield code="y">AVM</subfield>
  </datafield>
  <datafield tag="952" ind1=" " ind2=" ">
    <subfield code="0">0</subfield>
    <subfield code="1">0</subfield>
    <subfield code="2">ddc</subfield>
    <subfield code="4">0</subfield>
    <subfield code="6">VTF_BOU_2011_000000000000000_B113_OR_3</subfield>
    <subfield code="7">0</subfield>
    <subfield code="9">13250</subfield>
    <subfield code="a">LBB</subfield>
    <subfield code="b">LBB</subfield>
    <subfield code="c">B113</subfield>
    <subfield code="d">2015-10-27</subfield>
    <subfield code="l">3</subfield>
    <subfield code="o">VTF BOU 2011 B113 Or.3</subfield>
    <subfield code="p">RUA016175</subfield>
    <subfield code="r">2020-08-26</subfield>
    <subfield code="s">2020-06-29</subfield>
    <subfield code="w">2015-10-27</subfield>
    <subfield code="y">AVM</subfield>
  </datafield>
  <datafield tag="952" ind1=" " ind2=" ">
    <subfield code="0">0</subfield>
    <subfield code="1">0</subfield>
    <subfield code="2">ddc</subfield>
    <subfield code="4">0</subfield>
    <subfield code="6">VTF_BOU_2011_000000000000000_B113_OR_4</subfield>
    <subfield code="7">0</subfield>
    <subfield code="9">13251</subfield>
    <subfield code="a">LBB</subfield>
    <subfield code="b">LBB</subfield>
    <subfield code="c">B113</subfield>
    <subfield code="d">2015-10-27</subfield>
    <subfield code="o">VTF BOU 2011 B113 Or.4</subfield>
    <subfield code="p">RUA016044</subfield>
    <subfield code="r">2015-10-27</subfield>
    <subfield code="w">2015-10-27</subfield>
    <subfield code="y">AVM</subfield>
  </datafield>
  <datafield tag="952" ind1=" " ind2=" ">
    <subfield code="0">0</subfield>
    <subfield code="1">0</subfield>
    <subfield code="2">ddc</subfield>
    <subfield code="4">0</subfield>
    <subfield code="6">VTF_BOU_2011_000000000000000_B113_OR_5</subfield>
    <subfield code="7">0</subfield>
    <subfield code="9">13252</subfield>
    <subfield code="a">LBB</subfield>
    <subfield code="b">LBB</subfield>
    <subfield code="c">B113</subfield>
    <subfield code="d">2015-10-27</subfield>
    <subfield code="l">1</subfield>
    <subfield code="o">VTF BOU 2011 B113 Or.5</subfield>
    <subfield code="p">RUA017789</subfield>
    <subfield code="r">2019-11-29</subfield>
    <subfield code="s">2019-11-18</subfield>
    <subfield code="w">2015-10-27</subfield>
    <subfield code="y">AVM</subfield>
  </datafield>
  <datafield tag="952" ind1=" " ind2=" ">
    <subfield code="0">0</subfield>
    <subfield code="1">0</subfield>
    <subfield code="2">ddc</subfield>
    <subfield code="4">0</subfield>
    <subfield code="6">VTF_BOU_2011_000000000000000_B113_OR_6</subfield>
    <subfield code="7">0</subfield>
    <subfield code="9">13253</subfield>
    <subfield code="a">LBB</subfield>
    <subfield code="b">LBB</subfield>
    <subfield code="c">B113</subfield>
    <subfield code="d">2015-10-27</subfield>
    <subfield code="l">2</subfield>
    <subfield code="o">VTF BOU 2011 B113 Or.6</subfield>
    <subfield code="p">RUA012444</subfield>
    <subfield code="r">2019-07-15</subfield>
    <subfield code="s">2019-06-29</subfield>
    <subfield code="w">2015-10-27</subfield>
    <subfield code="y">AVM</subfield>
  </datafield>
</record>
